000 01233nam2a22002411 4500
001 RU\NLR\INFOCOMM44\1000035064
005 20250617112350.0
035 _a(NLR Aleph) 002572076
090 _a3198642
_c3198642
100 _a20040603d1956 |||y0rusy50 ca
101 0 _arus
102 _aRU
105 _ay |||||||||
200 1 _aПоворотный подъемных кран на аккумуляторной тележке марки ЭКГ
210 _d1956
_aБ. м.
461 0 _1001RU\NLR\INFOCOMM44\1000035052
_12001#$aОбмен опытом$eИнформационный листок стекольной промышленности$fМПСМ СССР. Техн. упр. Проектно-конструкторское бюро ВНИИСтекла$v№12
_93198599
_cМ.
_d1956-1958
_fМПСМ СССР. Техн. упр. Проектно-конструкторское бюро ВНИИСтекла
_nПромстройиздат
_oИнформационный листок стекольной промышленности
_tОбмен опытом
_v№12
801 1 _aRU
_bInfoComm
_c20040603
801 0 _aRU
_bNLR
_gPSBO
852 _aNLR
_jП10/1520
942 _cISSUE
980 _aNB
980 _aRUSPER